00747nam a2200241 a 450000100060000000300090000600800410001502000150005604000280007104100080009910000400010724500310014725000240017826000350020230000170023749000310025450000920028561000370037765000180041465000250043265000270045765000210048424447CO-ViMGA141112s2004 ck r 000 u spa d a9587041453 aCO-ViMGAbspacCO-ViMGA aSPA1 aRestrepo Casabianca, Laura, 1950 - 10aDelirio / cLaura Restrepo a1a ed., 14a reimpr. aBogotá : bAlfaguara, c2009 a342 p. : il. aPremio Alfaguara de novela aIncluye datos biográficos del autor en la solapa. - - Premio Alfaguara de novela 2004 aPREMIO ALFAGUARA DE NOVELA, 200414aAMOR - NOVELA14aAUTORES COLOMBIANOS 14aLITERATURA COLOMBIANA 14aLOCURA - NOVELA